[Event "EWCCC Online Preliminary-D 2020"]
[Site "Online"]
[Date "2020.12.19"]
[Round "4.3"]
[White "Gunina, Valentina"]
[Black "Unuk, Laura"]
[Result "0-1"]
[WhiteElo "2451"]
[BlackElo "2346"]
[Annotator "RC"]
[PlyCount "90"]
[EventDate "2020.12.19"]
[EventType "team-tourn"]
[EventCountry "NET"]
[SourceTitle "playchess.com"]
[Source "ChessBase"]
[SourceQuality "1"]
[TimeControl "900+5"]

1. d4 {[%emt 0:00:02]} Nf6 {[%emt 0:00:03]} 2. c4 {[%emt 0:00:02]} e6 {[%emt 0:00:03]} 3. Nf3 {[%emt 0:00:02]} d5 {[%emt 0:01:11]} 4. g3 {[%emt 0:00:02]} Be7 {[%emt 0:00:09]} 5. Bg2 {[%emt 0:00:02]} O-O {[%emt 0:00:01]} 6. O-O {[%emt 0:00:01]} dxc4 {[%emt 0:00:01]} 7. Qc2 {[%emt 0:00:23]} b6 {[%emt 0:00:10]} 8. Qxc4 {[%emt 0:01:06]} Bb7 {[%emt 0:00:06]} 9. Nc3 {[%emt 0:00:10]} Nbd7 {[%emt 0:00:25]} 10. Bf4 {[%emt 0:00:12]} c5 {[%emt 0:00:05]} 11. dxc5 {[%emt 0:00:08]} Rc8 {[%emt 0:00:48]} 12. Rad1 {[%emt 0:00:13]} Rxc5 {[%emt 0:00:57]} 13. Qa4 {[%emt 0:00:03]} Qc8 {[%emt 0:01:09]} 14. Be3 {[%emt 0:02:03]} Ra5 {[%emt 0:00:09]} 15. Qc2 {[%emt 0:00:09]} Rxa2 {[%emt 0:00:39]} 16. Qb1 {[%emt 0:00:17]} Ra5 {[%emt 0:00:11]} 17. b4 {[%emt 0:01:08]} Rh5 {[%emt 0:02:56]} 18. Rc1 {[%emt 0:00:10]} Qa8 {[%emt 0:00:02]} 19. Bf4 {[%emt 0:00:32]} e5 {[%emt 0:01:06]} 20. Be3 {[%emt 0:00:22]} Ng4 {[%emt 0:00:11]} 21. h3 {[%emt 0:00:30]} Nxe3 {[%emt 0:00:04]} 22. fxe3 {[%emt 0:00:01]} a5 {[%emt 0:02:57]} 23. g4 {[%emt 0:00:57]} Rh6 {[%emt 0:00:04]} 24. bxa5 {[%emt 0:00:01]} Bc5 {[%emt 0:00:02]} 25. Kf2 {[%emt 0:00:30]} Qxa5 {[%emt 0:01:11]} 26. Ne4 {[%emt 0:00:25]} Bxe4 {[%emt 0:01:09]} 27. Qxe4 {[%emt 0:00:02]} Re6 {[%emt 0:00:02]} 28. Ng5 {[%emt 0:00:14]} Nf6 {[%emt 0:00:01]} 29. Qc4 {[%emt 0:01:11]} Rd6 {[%emt 0:00:03]} 30. Be4 {[%emt 0:01:13]} Bxe3+ {[%emt 0:01:10]} 31. Kxe3 {[%emt 0:00:19]} Qd2+ {[%emt 0:00:02]} 32. Kf2 {[%emt 0:00:13]} Qxg5 {[%emt 0:00:01]} 33. Bb1 {[%emt 0:00:14]} Rd4 {[%emt 0:00:02]} 34. Qb3 {[%emt 0:00:08]} Rf4+ {[%emt 0:00:08]} 35. Kg1 {[%emt 0:01:12]} Nxg4 {[%emt 0:00:02]} 36. Qg3 {[%emt 0:00:06]} h5 {[%emt 0:00:18]} 37. Rc3 {[%emt 0:02:10]} Qe7 {[%emt 0:00:20]} 38. Rd1 {[%emt 0:00:22]} Nf6 {[%emt 0:00:04]} 39. Rc6 {[%emt 0:00:26]} h4 {[%emt 0:00:05]} 40. Qg5 {[%emt 0:00:12]} Rd8 {[%emt 0:00:04]} 41. Rdc1 {[%emt 0:00:10]} Rfd4 {[%emt 0:00:06]} 42. Kg2 {[%emt 0:00:35]} Rd2 {[%emt 0:00:04]} 43. Rf1 {[%emt 0:00:09]} Rxe2+ {[%emt 0:00:03]} 44. Kh1 {[%emt 0:00:02]} Qd7 {[%emt 0:00:08]} 45. Bf5 {[%emt 0:00:07]} Qxc6+ {[%emt 0:00:02]} 0-1

[Event "EWCCC Online Preliminary-D 2020"]
[Site "Online"]
[Date "2020.12.19"]
[Round "4.3"]
[White "Salimova, Nurgyul"]
[Black "Hrescak, Ivana"]
[Result "1/2-1/2"]
[WhiteElo "2397"]
[BlackElo "2212"]
[Annotator "TA"]
[PlyCount "137"]
[EventDate "2020.12.19"]
[EventType "team-tourn"]
[EventCountry "NET"]
[SourceTitle "playchess.com"]
[Source "ChessBase"]
[SourceQuality "1"]

{[%evp 20,137,68,53,69,44,76,76,97,91,91,73,90,44,49,41,43,23,46,18,23,20,38,11,29,0,0,0,1,12,31,-112,-100,-183,-181,-206,-200,-193,-192,-242,-250,-277,-277,-274,-260,-324,-317,-338,-313,-352,-329,-318,-314,-358,-370,-387,-402,-450,-329,-433,-404,-450,-323,-316,-299,-301,-272,-306,-291,-446,-369,-606,-575,-560,-560,-518,-487,-511,-359,-367,-379,-398,-377,-461,-359,-350,-358,-346,-344,-597,-562,-567,-583,-597,-590,-516,-190,-379,-401,-302,-198,-992,-27,-29982,-37,-29974,-29975,-29970,-29973,-29973,-29974,-29973,-181,-301,0,-308,-301,-29958,0,-78]} 1. d4 Nf6 2. c4 g6 3. Nc3 Bg7 4. e4 d6 5. Nf3 O-O 6. h3 c5 7. d5 e6 8. Bd3 exd5 9. exd5 Nbd7 10. O-O a6 11. a4 Re8 {E90: King's Indian: Classical: Early deviations and 6 h3.} 12. Bf4 {[#]} Nf8 $146 ({Predecessor:} 12... Nh5 13. Bh2 f5 14. Be2 f4 15. Re1 Ndf6 16. Ng5 Bh6 17. Ne6 Bxe6 18. dxe6 Ng7 19. Nd5 Nxe6 {1-0 (58) Abdusattorov,N (2608)-Sezdbekov,R (2271) Tashkent 2019}) 13. Qd2 Qc7 {White is better.} 14. Rfe1 Bd7 15. Ng5 {Nce4 is the strong threat.} Nh5 16. Bh2 {aiming for Nce4.} f5 17. Rxe8 Rxe8 18. Re1 Be5 19. Be2 Bxh2+ 20. Kxh2 Nf6 21. Kg1 Qd8 22. Bf3 Rxe1+ 23. Qxe1 Qe8 (23... h6 $5 24. Ne6 $8 Qe7 $11) 24. Qd2 Bxa4 25. Ne6 (25. Qf4 $1 $14 {was forced to keep a grip.}) 25... Bd7 26. Qg5 (26. Ne2 $17 {is a better defense.}) 26... Qe7 $19 (26... Nxe6 27. dxe6 Qxe6 28. Bxb7 $15) 27. g4 Nxe6 ({Don't take} 27... Bxe6 28. dxe6 Nxe6 29. Qe3 $17) 28. dxe6 Bxe6 29. gxf5 Bxf5 ({Much less strong is} 29... Bxc4 30. fxg6 h6 31. Qf5) 30. Nd5 Nxd5 {[%mdl 64] Discovered Attack} ({Less strong is} 30... Qe1+ 31. Kg2 $17) 31. Bxd5+ Kf8 32. Qf4 b5 33. h4 Kg7 34. h5 Qf6 35. h6+ Kf8 36. cxb5 axb5 37. Qg3 Ke7 38. Qa3 {If White can now play Qa7+ this consolidates a bit.} Bd7 39. Bg2 Qg5 40. Qa7 Qxh6 41. Bc6 Qh3 42. Bxb5 Qg4+ 43. Kh2 h5 44. Bf1 (44. Qb7 {keeps fighting.}) 44... h4 45. Qa3 $2 (45. Bb5) 45... Qf4+ 46. Kg1 g5 47. Qc3 Qe5 48. Qd2 d5 49. Qc2 d4 50. Qh7+ Kd6 51. Qg6+ Be6 52. Qe8 {Hoping for Qb8+.} Qf5 $1 53. Qd8+ Ke5 54. Qc7+ $2 (54. b4 cxb4 55. Qb8+ Kf6 56. Qxb4) 54... Kf6 55. Qd8+ Kg7 56. Qe7+ Bf7 57. Bc4 {and the idea Bxf7 leaves White hopeful.} Qf6 $2 (57... h3 {( -> ...Qg4+)} 58. Bf1 c4 $1 {[%mdl 512]}) 58. Qxc5 $2 (58. Qa7) 58... Bxc4 59. Qxc4 {[%mdl 4096] Endgame KQ-KQ} Qe5 60. b4 $2 (60. Qc6) 60... g4 $2 (60... Qe1+ $19 61. Kg2 h3+ $1 {[%mdl 512]} 62. Kh2 Qxf2+ 63. Kxh3 Qf3+ 64. Kh2 d3) 61. Qc6 $2 {[%mdl 8192] Cut Off at move 61} (61. b5 $11) 61... g3 $2 (61... Qe1+ 62. Kg2 h3+ 63. Kg3 Qc3+ 64. Qxc3 dxc3 65. f3 gxf3 66. Kxh3 c2 67. Kg3 c1=Q 68. Kxf3 Kf6 69. Ke4 Qc4+ 70. Kf3 Kf5 71. Kg3 Qf4+ 72. Kg2 Kg4 73. b5 Qd2+ 74. Kf1 Kg3 75. Kg1 Qg2#) 62. fxg3 $2 {[%mdl 8192]} (62. b5 $15) 62... Qxg3+ 63. Kh1 Qh3+ 64. Kg1 Qe3+ $1 65. Kh2 Qf4+ $2 (65... d3 66. Qc3+ Kg6 67. b5 Qf2+ 68. Kh1 d2 69. Qd3+ Kg5 70. Qd8+ Kg4 71. Qd7+ Kf4 72. Qf7+ Ke3 73. Qe6+ Kd3 74. Qb3+ Kd4 75. Qb2+ Kd5 76. Qa2+ Ke5 77. Qa1+ Ke4 78. Qa8+ Kd3 79. Qd5+ Qd4 80. Qh5 Kc2 81. Qg6+ Kb2 82. Qh5 d1=Q+ 83. Qxd1 Qxd1+ 84. Kg2 Kc1 85. Kh3 Qh5 86. b6 Qg5 87. Kh2 Qg3+ 88. Kh1 h3 89. b7 Qg2#) 66. Kg2 (66. Kg1 $142) 66... Qg3+ 67. Kh1 Qe1+ $1 68. Kg2 $2 {[#]} (68. Kh2 $19 Qg3+ 69. Kh1) 68... Qg3+ $2 (68... h3+ $1 {[%mdl 512] mates} 69. Kh2 (69. Kxh3 Qc3+) 69... Qd2+ 70. Kh1 Qe1+ 71. Kh2 Qd2+ 72. Kh1 Qe3 73. Qc7+ Kg6 74. Qb6+ Kf5 75. Kh2 Qf4+ 76. Kxh3 d3 77. Qb5+ Ke4 78. Kg2 Qf3+ 79. Kg1 Qd1+ 80. Kg2 Qc2+ 81. Kh3 d2 82. Qe2+ Kd4 83. Qg4+ Kc3 84. Qg3+ Kb2 85. Kh4 d1=Q 86. Qe5+ Kb1 87. Kg5 Qg2+ 88. Kf6 Qd8+ 89. Qe7 Qf3+ 90. Kg6 Qxe7 91. Kh6 Qh3+ 92. Kg6 Qhh7#) 69. Kh1 {Weighted Error Value: White=0.47/Black=0.23} 1/2-1/2

[Event "EWCCC Online Preliminary-D 2020"]
[Site "Online"]
[Date "2020.12.19"]
[Round "4.3"]
[White "Heinemann, Josefine"]
[Black "Sebag, Marie"]
[Result "0-1"]
[WhiteElo "2302"]
[BlackElo "2438"]
[Annotator "TA"]
[PlyCount "60"]
[EventDate "2020.12.19"]
[EventType "team-tourn"]
[EventCountry "NET"]
[SourceTitle "playchess.com"]
[Source "ChessBase"]
[SourceQuality "1"]

{[%evp 20,60,43,34,33,37,35,46,74,43,62,54,39,-35,-39,-16,-23,-83,-42,-202,-106,-135,-101,-359,-338,-281,-306,-285,-289,-2177,214,-2156,-2242,-1724,-1699,-29971,-1532,-29995,-29996,-29996,-29997,-29997,-29998]} 1. e4 c5 2. Nf3 d6 3. d4 cxd4 4. Nxd4 Nf6 5. Nc3 a6 6. f3 e5 7. Nb3 Be6 8. Be3 Be7 9. Qd2 O-O 10. O-O-O a5 11. a4 {11.Qe1 is vanishing.} Na6 {B90: Sicilian Najdorf: Unusual White 6th moves, 6 Be3 Ng4 and 6 Be3 e5.} 12. Kb1 Nb4 13. g4 Qb8 {White is slightly better.} 14. g5 Nh5 $1 15. Rg1 {[#]} Rd8 $146 ({Predecessor:} 15... Rc8 16. f4 g6 17. Be2 Ng7 18. h4 Qc7 19. h5 b5 20. Bxb5 Nxh5 21. f5 Bc4 {0-1 (69) Nasuta,G (2414)-Lewicki,M (2221) Krakow 2015}) 16. Nd5 ({White should try} 16. Bd3 $14) 16... Nxd5 $1 $15 17. exd5 Bd7 $1 18. Bb6 ({Don't do} 18. Nxa5 Bxa4 19. Nc4 Be8 $14) (18. f4 $11 {remains equal.}) 18... Rc8 19. Nxa5 $2 {[#]} (19. Rg4 $15) 19... Bxa4 (19... Bd8 $1 $19 {[%cal Rd8b6]} 20. Qb4 {[#]} (20. Bxd8 $2 Rxd8 21. Bd3 Qa7 $19) 20... Bxa4 $1 {[%mdl 512]}) 20. b3 $17 Bd7 {Threatens to win with ...Bd8.} 21. Nc4 $2 {[%mdl 8192]} (21. Kb2 $17 {was called for.}) 21... Bd8 $19 22. Qb4 Bxb6 23. Nxb6 {[#]} Qa7 $1 {[%csl Ga8][%cal Ra7a1][%mdl 512]} 24. Kc1 $2 (24. Nxa8 Rxa8 25. Kb2) 24... Qa1+ ({Not} 24... Qa2 25. Bd3 $11) 25. Kd2 {[#]} Rxc2+ $1 {[%mdl 512]} 26. Ke1 (26. Kxc2 Ra2+) 26... Rc1 27. Be2 Ra2 (27... Rxd1+ $142 28. Bxd1 Nf4 29. Qxf4 exf4 30. Nxa8 Bh3 31. Rg2 Bxg2 32. Kd2 Qxa8 33. g6 hxg6 34. Kd3 Qa6+ 35. Kc2 Qa2+ 36. Kc1 Qa1+ 37. Kc2 Kf8 38. b4 Qa3 39. h4 Bxf3 40. Bxf3 Qxf3 41. b5 Qxd5 42. Kc3 f3 43. Kb2 f2 44. h5 Qxb5+ 45. Kc2 f1=Q 46. hxg6 Qfd3+ {[%mdl 64] Double Attack} 47. Kc1 Qbb1#) 28. Qxd6 Qc3+ {Black mates.} 29. Kf2 {[#]} Rxe2+ $1 {[%mdl 512]} 30. Kxe2 Rc2+ {Weighted Error Value: White=1.25/Black=0.35} 0-1

[Event "EWCCC Online Preliminary-D 2020"]
[Site "Online"]
[Date "2020.12.19"]
[Round "4.3"]
[White "Trippold, Denise"]
[Black "Maltsevskaya, Aleksandra"]
[Result "0-1"]
[WhiteElo "2137"]
[BlackElo "2311"]
[Annotator "TA"]
[PlyCount "82"]
[EventDate "2020.12.19"]
[EventType "team-tourn"]
[EventCountry "NET"]
[SourceTitle "playchess.com"]
[Source "ChessBase"]
[SourceQuality "1"]

{[%evp 24,82,29,29,43,38,46,0,8,0,0,-33,-23,-49,24,21,23,0,0,-4,0,0,0,-6,0,0,9,0,8,2,2,2,3,2,12,10,9,5,36,-62,0,0,0,0,22,12,39,22,43,56,79,27,39,23,28,12,78,0,48,-914,-911]} 1. d4 Nf6 2. c4 g6 3. Nc3 Bg7 4. e4 d6 5. Nf3 O-O 6. Be2 e5 7. O-O Nc6 8. dxe5 dxe5 9. Bg5 Qxd1 10. Rfxd1 h6 11. Be3 Bg4 12. h3 Bxf3 13. Bxf3 Rfd8 {E97: King's Indian: Classical Main Line (6...e5 7 0-0 Nc6): 8 Be3 and 8 d5 Ne7, not 9 Ne1.} 14. Nd5 Ne8 15. Rac1 Nd4 {[#] The position is equal.} 16. Kf1 $146 ({Predecessor:} 16. Bxd4 exd4 17. c5 c6 18. Nf4 Nc7 19. Rc4 Ne6 20. Nd3 h5 21. g3 Rd7 22. Bg2 {1-0 (56) Ostovic,M (2185)-Havas,J (2090) Sv Filip i Jakov 2010}) 16... c6 17. Nc3 Nc7 18. Bg4 f5 (18... h5 $15 19. Be2 Nce6) 19. exf5 $11 gxf5 20. Be2 Nce6 21. g4 Rf8 22. gxf5 Nxf5 23. Bd2 Ned4 24. Ne4 Rad8 25. Bg4 Kh7 26. Kg2 Kg6 27. Rg1 h5 28. Bd1 {And now Kh1+ would win.} Bh6 29. Kh1+ Kh7 30. Ng5+ (30. Bxh5 Bxd2 31. Nxd2 Kh6 $17) 30... Bxg5 31. Rxg5 (31. Bxg5 $14 Ra8 32. Rc3 (32. Bxh5 Ng7 $14)) 31... Ng7 ({Better is} 31... Ne6 $1 $15 32. Rxf5 (32. Rxh5+ Kg6 $17) 32... Rxd2 33. Rxf8 (33. Rxh5+ $2 Kg7 $19) (33. Rxe5 Rfxf2 34. Bc2+ Rxc2 $17) 33... Nxf8 34. Bxh5 Kh6) 32. Be3 Rf5 33. Rxf5 Ndxf5 34. Bc2 Kg8 35. Bxa7 Ra8 36. Bc5 Nd4 37. Bg6 (37. Bb1 $16) 37... Nge6 $1 {[%cal Re6c5]} 38. Bd6 Nf4 39. Bb1 Re8 (39... Nxh3 $11 {remains equal.} 40. Bxe5 Nxf2+ 41. Kg2 Ne2) 40. Kh2 ({White should play} 40. Rc3 $16) 40... Kf7 41. Re1 $2 {[%mdl 8192] [#]} (41. Rc3 $14) 41... Nf3+ {[%mdl 64] Double Attack.  Weighted Error Value: White=0.42/Black=0.18} 0-1

[Event "EWCCC Online Preliminary-D 2020"]
[Site "Online"]
[Date "2020.12.19"]
[Round "4.4"]
[White "Mammadzada, Gunay"]
[Black "Matnadze, Ana"]
[Result "0-1"]
[WhiteElo "2443"]
[BlackElo "2421"]
[Annotator "TA"]
[PlyCount "78"]
[EventDate "2020.12.19"]
[EventType "team-tourn"]
[EventCountry "NET"]
[SourceTitle "playchess.com"]
[Source "ChessBase"]
[SourceQuality "1"]

{[%evp 17,78,34,53,43,34,31,50,39,45,47,70,72,94,43,96,94,104,-18,107,104,181,174,189,182,191,0,-9,-59,-68,-167,-152,-231,-67,-191,-157,-235,-138,-141,-65,-143,-125,-231,-212,-222,-222,-214,-222,-213,-200,-597,-30,-99,-112,-111,-112,-677,-300,-970,-938,-1803,-1752,-29996,-29997]} 1. e4 c6 2. d4 d5 3. Nc3 dxe4 4. Nxe4 Nf6 5. Nxf6+ exf6 6. c3 Bd6 7. Bd3 O-O 8. Qc2 h6 9. Ne2 Qc7 10. h3 {B15: Caro-Kann: 3 Nc3: 3...g6 and 3...dxe4 4 Nxe4 Nf6 5 Nxf6+ exf6.} Nd7 11. O-O c5 12. Be3 {[#] White is slightly better.} b6 $146 ({Predecessor:} 12... c4 13. Be4 Nb6 14. Rad1 Bd7 15. Ng3 Rfe8 16. Nh5 Ba4 17. Qb1 Bxd1 18. Rxd1 f5 {1-0 (61) Shoiyzhininaev,B (2123)-Shagdurov,D (1928) Ulan Ude 2013}) 13. c4 Bb7 14. d5 Ne5 15. Bh7+ Kh8 16. Be4 $1 Rfe8 17. Ng3 ({White should try} 17. b3 $1 $16) 17... Bc8 (17... Nxc4 $11 {keeps the balance.} 18. Qxc4 Bxg3) 18. Rae1 $16 b5 (18... Ba6 $16) 19. cxb5 $18 Bd7 20. a4 $1 c4 21. Bxh6 $2 (21. Rc1 $18) 21... gxh6 $11 22. Qd2 Bf8 23. Nh5 (23. Bb1 $15) 23... Qd6 $19 24. Re3 (24. Rc1 $17 {was necessary.}) 24... Ng6 $2 (24... a6 $1 $19 25. Rg3 axb5 26. axb5 Bxb5) 25. Rfe1 (25. Qd4 $15 Qe5 26. Qxe5 Rxe5 27. Nxf6) 25... Re5 26. Bf3 (26. Qd1 $17) 26... Rae8 ({Better is} 26... a6 $1 $19 27. Rxe5 fxe5 28. bxa6 Bxa4) 27. Qd4 Rxe3 (27... Qb4 $17 {Hoping for ...Bc5.} 28. Qxa7 Rxe3 29. Rxe3 Rxe3 30. Qxe3 (30. fxe3 {is a self mate.} Qe1+ 31. Kh2 Bd6+ 32. g3 Qf2+ {[%mdl 64] Double Attack} 33. Bg2 Nh4 34. Qa8+ Kh7 35. Nxf6+ Qxf6 36. Qd8 Qxd8 37. Kg1 Bxg3 38. Be4+ Kg7 39. Bc2 Bxh3 40. Be4 Qf6 41. Bf5 Qxf5 42. Kh1 Qf1#) 30... Qxb2) 28. fxe3 (28. Rxe3 $15 Rxe3 29. fxe3) 28... Ne5 29. Be4 (29. Be2 $17) 29... f5 30. Bb1 Qg6 31. Nf4 Qg3 32. Rf1 {[#]} Bd6 $1 33. Qxa7 $2 (33. Rf2) 33... Rc8 $2 ({Black should play} 33... Rg8 $19 34. Qd4 Kh7) 34. Qd4 (34. Qb6 $11 {was the only way to keep the balance.} Bc5 {[%mdl 64] Double Attack} 35. Qxh6+ (35. Qf6+ Qg7 $15) 35... Kg8 36. Nh5 Qxe3+ 37. Qxe3 Bxe3+ 38. Kh1) 34... f6 $17 {Strongly threatening ...Bc5.} 35. Qb6 {[#]} Nf7 $1 {[%cal Be5f7,Bf7g5,Bg5f3][%mdl 32]} 36. Kh1 $2 {[%mdl 8192]} (36. Qd4 $17 Be5 37. Qd2) 36... Be5 (36... Rg8 $142 {...Bxf4 is the strong threat.} 37. Rg1 Re8) 37. a5 $2 (37. Qb7 Rg8 38. d6 (38. Rg1 Qxe3 39. Rf1 Bxf4 $19)) 37... Rg8 $19 38. Rg1 Ng5 {( -> ...Nf3!)} 39. Qa6 {[#]} Nf3 $1 {[%mdl 576] Pin.  Weighted Error Value: White=1.10/Black=0.60} 0-1

[Event "EWCCC Online Preliminary-D 2020"]
[Site "Online"]
[Date "2020.12.19"]
[Round "4.4"]
[White "Balajayeva, Khanim"]
[Black "Sandu, Mihaela"]
[Result "1-0"]
[WhiteElo "2376"]
[BlackElo "2268"]
[Annotator "TA"]
[PlyCount "69"]
[EventDate "2020.12.19"]
[EventType "team-tourn"]
[EventCountry "NET"]
[SourceTitle "playchess.com"]
[Source "ChessBase"]
[SourceQuality "1"]

{[%evp 13,69,1,8,8,4,12,18,-10,-2,-12,-5,-14,0,0,0,0,0,0,0,-11,-5,-47,0,-19,17,0,0,-48,-38,-64,61,-40,68,-83,-83,-83,-67,-70,-58,-58,-64,-57,-66,-87,-63,-83,-85,-70,-83,-80,0,-54,-42,-43,327,329,399,389]} 1. e4 c5 2. c3 Nf6 3. e5 Nd5 4. d4 cxd4 5. Nf3 e6 6. cxd4 d6 7. Bc4 Be7 8. O-O {B22: Sicilian: 2 c3.} O-O 9. Bd2 Nd7 {[%cal Bb8d7,Bd7b6,Bb6d5][%mdl 32]} 10. Nc3 {The position is equal.} Nxc3 11. Bxc3 {[#]} dxe5 $146 ({Predecessor:} 11... Nb6 12. Ba5 dxe5 13. Nxe5 Qd6 14. Bb3 Nd5 15. Qf3 b6 16. Bxd5 Qxd5 17. Qxd5 exd5 {½-½ (24) Stevic,H (2612)-Kozul,Z (2577) Zadar 2011}) 12. dxe5 Nb6 13. Bd3 Bd7 14. Qe2 Nd5 15. Bd2 Bc6 16. Rfd1 Qb6 17. Bg5 g6 18. Be4 {[#] aiming for Bxd5.} Bc5 19. Bxd5 Bxd5 20. Bf6 Rfc8 21. Ng5 Bf8 (21... h6 $15 22. Nf3 Qb4) 22. b3 ({White has to play} 22. Nxh7 $1 $14 Bh6 23. Ng5) 22... Rc6 (22... Qc6 $15) 23. Rd3 $2 (23. Nxh7 $1 $14 {is the one way to stay ahead.} Bh6 24. Ng5) 23... Rac8 $17 24. Rad1 Rc2 25. R3d2 Rc1 26. h4 Bb4 27. Rxc1 Rxc1+ 28. Rd1 Qc5 29. Rxc1 Qxc1+ 30. Kh2 Qf4+ 31. Kg1 Qc1+ 32. Kh2 $1 Bd2 {[#] ( -> ...Bf4+)} 33. Nh3 Qc2 $2 {[%mdl 8192]} (33... h6 $15 {keeps the upper hand.}) 34. Bg5 $18 Bf4+ 35. Nxf4 {Accuracy: White = 68%, Black = 61%.} 1-0

[Event "EWCCC Online Preliminary-D 2020"]
[Site "Online"]
[Date "2020.12.19"]
[Round "4.4"]
[White "Velikic, Adela"]
[Black "Mammadova, Gulnar"]
[Result "1/2-1/2"]
[WhiteElo "2278"]
[BlackElo "2382"]
[Annotator "TA"]
[PlyCount "104"]
[EventDate "2020.12.19"]
[EventType "team-tourn"]
[EventCountry "NET"]
[SourceTitle "playchess.com"]
[Source "ChessBase"]
[SourceQuality "1"]

{[%evp 9,104,28,33,6,71,14,69,49,59,57,125,125,133,125,142,122,132,131,210,207,158,87,96,34,56,40,30,0,8,0,0,0,0,-25,-25,-35,-20,-26,-2,-12,0,0,0,0,7,0,0,0,0,0,0,-13,0,0,0,0,0,0,0,0,5,5,6,0,0,0,8,8,8,0,0,0,10,0,0,0,0,0,0,0,0,0,0,0,0,0,0,0,0,0,0,0,0,0,0,0,0]} 1. c4 g6 2. Nc3 Bg7 3. d4 d6 4. e4 e5 5. dxe5 Bxe5 6. Nf3 {A42: Modern Defence: Averbakh Variation.} Bg4 {[#]} (6... Bxc3+ $11 {remains equal.} 7. bxc3 Nd7) 7. Be3 $146 (7. Qa4+ $16 Nc6 8. Nxe5 dxe5 9. Nd5) ({Predecessor:} 7. Qb3 Bxf3 8. Qxb7 Nd7 9. gxf3 Rb8 10. Qxa7 Nc5 11. Qa5 Ne7 12. Nb5 Rb7 13. Qd2 Ne6 {½-½ (32) Mastrovasilis,A (2517)-Firman,N (2502) Loutraki 2015}) 7... Nf6 (7... Bxc3+ $11 8. bxc3 Nd7) 8. Qa4+ {White is slightly better.} Bd7 $1 9. Qb3 Nc6 (9... Bxc3+ $14 10. Qxc3 O-O) 10. Nxe5 $16 dxe5 11. O-O-O ({Inferior is} 11. Qxb7 Rb8 $15) 11... Ng4 12. Nd5 Nxe3 13. fxe3 ({Much weaker is} 13. Nxe3 $6 b6 $11) 13... Na5 (13... Bc8 $16 {might work better.}) 14. Qc3 $18 Nc6 {[#]} 15. Qa3 ({Better is} 15. Be2 $1) 15... a5 $16 16. Be2 (16. Qc3 $16) 16... Nb4 $1 $14 17. Rhf1 Nxd5 18. Rxd5 {And now Rfd1 would win.} (18. exd5 {looks sharper.} Qe7 19. Qc3 O-O 20. g4 b6 21. e4) 18... Qe7 19. Qxe7+ Kxe7 20. Rxe5+ Be6 $1 21. a3 (21. Rb5 $5 {[%cal Rb5b7]}) 21... c6 22. Rg5 h6 {[%mdl 1024] Black has compensation.} 23. Rg3 $1 a4 24. Kc2 {The position is equal.} Rhb8 25. Kc3 Ra5 26. Bg4 Re5 27. Kd4 Rg5 28. Bxe6 {[#] Rxg5 is the strong threat.} Rxg3 29. hxg3 {Hoping for Bg4.} Kxe6 $11 {[%mdl 4096] Endgame KR-KR} 30. g4 b5 31. cxb5 Rxb5 32. Rc1 Kd6 33. e5+ Kd7 34. Rc2 Rd5+ 35. Ke4 Rb5 36. Rf2 Ke7 37. g3 Rb3 38. Rc2 Kd7 39. Rc4 {Black must now prevent Rb4.} Rxb2 40. Rxa4 Rb3 41. Ra7+ Ke6 42. Rc7 Rxa3 43. Rxc6+ Ke7 44. Rc4 Ra5 45. Kf4 Ra1 46. Rc7+ Ke6 47. Rc6+ Ke7 48. Rb6 Ra4+ 49. Kf3 Ra5 50. Kf4 Ra4+ 51. Kf3 Ra5 52. Kf4 Ra4+ {Weighted Error Value: White=0.10/Black=0.09} 1/2-1/2

[Event "EWCCC Online Preliminary-D 2020"]
[Site "Online"]
[Date "2020.12.19"]
[Round "4.4"]
[White "Maisuradze, Nino"]
[Black "Mamedjarova, Turkan"]
[Result "0-1"]
[WhiteElo "2214"]
[BlackElo "2309"]
[Annotator "TA"]
[PlyCount "46"]
[EventDate "2020.12.19"]
[EventType "team-tourn"]
[EventCountry "NET"]
[SourceTitle "playchess.com"]
[Source "ChessBase"]
[SourceQuality "1"]

{[%evp 22,46,15,13,20,11,41,21,35,-18,9,-11,21,14,28,20,16,7,13,14,67,-136,-123,-120,-124,-993,-720]} 1. d4 d5 2. c4 e6 3. Nc3 Nf6 4. Bg5 c6 5. e3 Be7 6. cxd5 exd5 7. Bd3 Nbd7 8. Qc2 O-O 9. Nge2 Re8 10. O-O Nf8 11. Rab1 a5 12. a3 Ng4 {D36: Queen's Gambit Declined: Exchange Variation: Main line (5 Bg5 c6 6 Qc2).} 13. Bf4 Bd6 (13... g6 {feels hotter.} 14. h3 Nf6 15. Rbc1 Ne6 16. Bg3 Nh5) 14. h3 Bxf4 {[#] The position is equal.} 15. exf4 $146 (15. Nxf4 $14 Nf6 16. b4) ({Predecessor:} 15. Nxf4 Nf6 16. b4 axb4 17. axb4 g5 18. Nfe2 Ng6 19. f3 Rxe3 20. Qd2 Qe7 21. Nd1 {1-0 (47) Banas,J (2390)-Franzen,J (2340) Sala 1987}) 15... Nf6 16. f5 Qe7 17. Rfe1 Qd6 18. Na4 Rb8 19. b4 axb4 20. axb4 b6 (20... Ra8 $11) 21. Nec3 $2 {[#]} (21. b5 $14 {keeps the upper hand.} cxb5 22. Nac3 (22. Bxb5 Bd7 $14)) 21... Rxe1+ $17 22. Rxe1 Qxb4 23. Ne2 $2 {[%mdl 8192]} (23. Rb1 $17 Qxd4 24. Ne2) 23... Qxe1+ {Weighted Error Value: White=0.98/Black=0.20} 0-1